[Event "AUTO-INT-3029"]
[Site "http://www.queenalice.com/game.php?id=1405604"]
[Date "2016.1.22"]
[Round "2"]
[White "SalsaKing"]
[Black "jadoube2012"]
[Result "0-1"]
[WhiteElo "1830"]
[BlackElo "1825"]

1. e4 e5 2. Nf3 Nc6 3. Bb5 Nf6 4. Bxc6 dxc6 5. Nxe5 Qd4 6. Nf3 Qxe4+ 7. Kf1 Be7
8. Nc3 Qf5 9. d3 O-O 10. h3 Be6 11. Nd4 Qg6 12. Be3 Bd7 13. Qe2 Rae8 14. Nd1 Nd5
15. a3 Nxe3+ 16. Nxe3 Bc5 17. c3 Qf6 18. Ndc2 Bb6 19. d4 c5 20. dxc5 Bxc5 21.
Qd3 Bc6 22. b4 Be4 23. Qd2 Bxc2 24. Ng4 Qf5 25. Rc1 Bd3+ 26. Kg1 Re2 27. Qxe2
Bxe2 0-1

[Event "AUTO-ADV-3580"]
[Site "http://www.queenalice.com/game.php?id=1406091"]
[Date "2016.1.25"]
[Round "1"]
[White "vindaloo"]
[Black "jadoube2012"]
[Result "0-1"]
[WhiteElo "1851"]
[BlackElo "1856"]

1. e4 e5 2. Nf3 Nc6 3. d4 exd4 4. Nxd4 Bc5 5. Nb3 Bb4+ 6. c3 Be7 7. Bd3 Nf6 8.
O-O O-O 9. Bd2 d6 10. Nd4 Ne5 11. Bc2 c6 12. Re1 Bg4 13. f3 Bd7 14. Be3 Qc7 15.
Nd2 Rad8 16. b3 c5 17. Ne2 Be6 18. c4 h6 19. Ng3 a6 20. Bf4 b5 21. Bxe5 dxe5 22.
Qe2 Rd7 23. Ndf1 Rfd8 24. Rad1 bxc4 25. bxc4 Rxd1 26. Rxd1 Rb8 27. Bb3 Rb4 28.
Ne3 a5 29. Nd5 Nxd5 30. cxd5 Bd7 31. Nf1 Bb5 32. Qe1 Bd6 33. Ne3 a4 34. Bc2 Qb8
35. Rb1 Bd7 36. a3 Rxb1 37. Bxb1 Qb3 38. Nc2 Bc7 39. h3 Qb5 40. Qd1 Bb6 41. Kh2
Qc4 42. Ne3 Qd4 43. Qxd4 exd4 44. d6 dxe3 0-1

[Event "AUTO-ADV-3580"]
[Site "http://www.queenalice.com/game.php?id=1406092"]
[Date "2016.1.25"]
[Round "1"]
[White "jadoube2012"]
[Black "vindaloo"]
[Result "1-0"]
[WhiteElo "1839"]
[BlackElo "1868"]

1. d4 d5 2. c4 c6 3. Nf3 e6 4. e3 Nf6 5. Nc3 Bb4 6. c5 Ne4 7. Qc2 Nd7 8. a3 Ba5
9. b4 Bc7 10. Nxe4 dxe4 11. Qxe4 Nf6 12. Qc2 O-O 13. Bd3 Re8 14. Bb2 h6 15. O-O
b6 16. Rad1 b5 17. Rfe1 Qd5 18. e4 Qd7 19. e5 Nd5 20. Bc1 f6 21. Bg6 Re7 22. Bd3
f5 23. g3 g5 24. Kg2 Qe8 25. Ng1 f4 26. Bg6 Qf8 27. Bh5 fxg3 28. fxg3 Qg7 29.
Rf1 Bd7 30. Rf2 Be8 31. Be2 Bg6 32. Bd3 Bxd3 33. Qxd3 Rf8 34. Rdf1 Rxf2+ 35.
Rxf2 Bd8 36. Bd2 Rf7 37. Qf1 Rxf2+ 38. Qxf2 g4 39. Ne2 Bg5 40. Nf4 Nxf4+ 41.
gxf4 Be7 42. f5 exf5 43. Qxf5 h5 44. Qxh5 1-0

[Event "AUTO-ADV-3580"]
[Site "http://www.queenalice.com/game.php?id=1406103"]
[Date "2016.1.25"]
[Round "1"]
[White "shirya00007"]
[Black "jadoube2012"]
[Result "1-0"]
[WhiteElo "1843"]
[BlackElo "1870"]

1. b3 e5 2. Bb2 Nc6 3. e4 d6 4. Bb5 Bd7 5. Nc3 Nf6 6. Nf3 Be7 7. O-O O-O 8. Be2
h6 9. d4 Rc8 10. dxe5 dxe5 11. a3 Qe8 12. Bb5 Bd6 13. Bd3 a6 14. Ne2 Qe7 15. Ng3
Rfd8 16. Qe2 Bg4 17. h3 Be6 18. Rad1 Nb8 19. Nxe5 Bxb3 20. Nf3 Bxg3 21. cxb3 Bf4
22. g3 1-0

[Event "AUTO-ADV-3580"]
[Site "http://www.queenalice.com/game.php?id=1406104"]
[Date "2016.1.25"]
[Round "1"]
[White "jadoube2012"]
[Black "shirya00007"]
[Result "0-1"]
[WhiteElo "1827"]
[BlackElo "2066"]

1. e4 c6 2. d4 d5 3. e5 Bf5 4. Nf3 Nd7 5. Be2 f6 6. O-O Qc7 7. Bf4 e6 8. Nbd2 h5
9. Rc1 g5 10. Be3 g4 11. Ne1 fxe5 12. dxe5 Nxe5 13. Bf4 Bd6 14. Kh1 Ne7 15. Nb3
N7g6 16. Bg5 h4 17. Nd4 Be4 18. Bxg4 h3 19. f3 hxg2+ 20. Nxg2 Rxh2+ 0-1

[Event "AUTO-ADV-3592"]
[Site "http://www.queenalice.com/game.php?id=1409565"]
[Date "2016.2.16"]
[Round "1"]
[White "pot_of_greed"]
[Black "jadoube2012"]
[Result "1-0"]
[WhiteElo "1807"]
[BlackElo "1844"]

1. e4 c6 2. d4 d5 3. e5 Bf5 4. Nf3 e6 5. h3 h6 6. Nc3 Nd7 7. Bd3 Bxd3 8. Qxd3
Ne7 9. Bf4 Ng6 10. Bg3 Be7 11. O-O O-O 12. Ne2 Rc8 13. c4 a6 14. Nf4 Nxf4 15.
Bxf4 Bg5 16. Bxg5 hxg5 17. cxd5 cxd5 18. Rac1 Qe7 19. a3 b5 20. Qe3 f6 21. exf6
gxf6 22. Rc3 Kg7 23. Rfc1 Rxc3 24. Rxc3 Nb6 25. Rc6 Nc4 26. Qxe6 Qxe6 27. Rxe6
Ra8 28. g4 Nxb2 29. Nd2 Nc4 30. Nb1 Kf7 31. Rc6 Ra7 32. Kg2 Ke7 33. Kg3 Nd6 34.
f3 Kd7 35. Rc5 Ke6 36. Nc3 Nc4 37. Rc6+ Nd6 38. f4 Ra8 39. f5+ Kd7 40. Rc5 Ne4+
41. Nxe4 dxe4 42. Kf2 Kd6 43. Ke3 Re8 44. a4 bxa4 45. Ra5 Ra8 46. Rxa4 Kc6 47.
Kxe4 Re8+ 48. Kd3 Kb5 49. Ra1 1-0

[Event "AUTO-ADV-3592"]
[Site "http://www.queenalice.com/game.php?id=1409566"]
[Date "2016.2.16"]
[Round "1"]
[White "jadoube2012"]
[Black "pot_of_greed"]
[Result "1-0"]
[WhiteElo "1867"]
[BlackElo "1830"]

1. d4 d5 2. c4 e6 3. Nc3 Bb4 4. Nf3 Bxc3+ 5. bxc3 dxc4 6. e4 Nf6 7. e5 Ne4 8.
Qc2 f5 9. exf6 Nxf6 10. Bxc4 Nc6 11. O-O Qd6 12. a4 a6 13. Ba3 Qf4 14. Rae1 Bd7
15. Bxe6 O-O-O 16. h3 Bxe6 17. Rxe6 g5 18. Ne5 Nxe5 19. Rxe5 Rde8 20. Rf5 Qh4
21. Rxf6 Rhg8 22. Qf5+ Kb8 23. Rb1 Ka7 24. Qc5+ Ka8 25. Rxa6+ bxa6 26. Qc6+ 1-0

[Event "AUTO-ADV-3592"]
[Site "http://www.queenalice.com/game.php?id=1409581"]
[Date "2016.2.16"]
[Round "1"]
[White "Manoeljoaquim"]
[Black "jadoube2012"]
[Result "1-0"]
[WhiteElo "1783"]
[BlackElo "1887"]

1. e4 e5 2. Nf3 Nc6 3. Bc4 Bc5 4. d3 Nf6 5. Nc3 d6 6. O-O Bg4 7. h3 Bh5 8. Be3
O-O 9. Nd5 Bxe3 10. fxe3 a6 11. Qe1 Bg6 12. Nh4 b5 13. Nxg6 hxg6 14. Nxf6+ gxf6
15. Bd5 Qd7 16. Rxf6 Rae8 17. Rxg6+ Kh7 18. Rg5 1-0

[Event "AUTO-ADV-3592"]
[Site "http://www.queenalice.com/game.php?id=1409582"]
[Date "2016.2.16"]
[Round "1"]
[White "jadoube2012"]
[Black "Manoeljoaquim"]
[Result "1/2-1/2"]
[WhiteElo "1882"]
[BlackElo "1865"]

1. d4 d5 2. c4 dxc4 3. Nf3 Bg4 4. Ne5 Bh5 5. Nxc4 e6 6. Nc3 Nf6 7. Qd3 Be7 8. e3
Nc6 9. a3 Bg6 10. Qd2 O-O 11. Be2 Nd5 12. O-O a6 13. b3 f5 14. Bb2 Bf6 15. Rfd1
b5 16. Ne5 Nxe5 17. dxe5 Be7 18. Nxd5 exd5 19. Qxd5+ Qxd5 20. Rxd5 Rfd8 21. Rad1
Bf7 22. Rxd8+ Rxd8 23. Rxd8+ Bxd8 24. Bd1 c5 25. f4 Bb6 26. Kf2 Be6 27. Bc2 g6
28. Ke2 Kg7 29. g3 h6 30. Kd3 g5 31. Kc3 1/2-1/2

[Event "AUTO-ADV-3592"]
[Site "http://www.queenalice.com/game.php?id=1409591"]
[Date "2016.2.16"]
[Round "1"]
[White "RobertD"]
[Black "jadoube2012"]
[Result "1-0"]
[WhiteElo "2024"]
[BlackElo "1853"]

1. e4 e5 2. Nf3 Nc6 3. Bc4 Bc5 4. c3 Nf6 5. d3 d6 6. a4 O-O 7. O-O a6 8. b4 Ba7
9. Be3 Bxe3 10. fxe3 Qe7 11. Qb3 h6 12. Nbd2 Bd7 13. Qc2 Rad8 14. b5 axb5 15.
axb5 Nb8 16. d4 Bc8 17. Bd3 Nbd7 18. c4 Kh8 19. Nb3 b6 20. Ra7 Ne8 21. Qf2 Ndf6
22. c5 bxc5 23. dxc5 dxc5 24. Bc2 Bd7 25. Qe2 Ng8 26. Qc4 Be6 27. Qxc5 Qxc5 28.
Nxc5 Bc4 29. Rb1 f6 30. Nh4 Kh7 31. Bb3 Bxb5 32. Bxg8+ 1-0

[Event "AUTO-ADV-3592"]
[Site "http://www.queenalice.com/game.php?id=1409592"]
[Date "2016.2.16"]
[Round "1"]
[White "jadoube2012"]
[Black "RobertD"]
[Result "0-1"]
[WhiteElo "1881"]
[BlackElo "2004"]

1. d4 d5 2. c4 dxc4 3. Nf3 e6 4. e3 a6 5. Bxc4 b5 6. Be2 Bb7 7. a4 Bb4+ 8. Nc3
Nf6 9. axb5 axb5 10. Rxa8 Bxa8 11. Bxb5+ c6 12. Ba4 O-O 13. O-O Qa5 14. Qc2 Nbd7
15. Bd2 Qb6 16. Rc1 c5 17. dxc5 Nxc5 18. Ne5 Qd6 19. Nc4 Qa6 20. b3 Nxa4 21.
Nxa4 Bxd2 22. Qxd2 Qb7 23. f3 Qxb3 24. Nab6 Bd5 25. Nxd5 exd5 26. Ne5 Re8 27. f4
Ne4 28. Qd1 Qxe3+ 0-1